Science and technology of advanced materials
| Autor Corporativo: | |
|---|---|
| Formato: | Electrónico Revista |
| Lenguaje: | inglés |
| Publicado: |
[New York, NY] :
Elsevier Science,
2000-
Philadelphia, PA : IOP Publishing Philadelphia, PA : Taylor & Francis |
| Materias: | |
| Acceso en línea: | Full text available from Research Library: 02/01/2011 to present |
MARC
| LEADER | 00000nas a2200000 a 4500 | ||
|---|---|---|---|
| 001 | ssj0006124 | ||
| 003 | WaSeSS | ||
| 005 | 20200512172242.0 | ||
| 006 | m d | ||
| 007 | cr n | ||
| 008 | 000606c20009999pau x pss 0 a0eng c | ||
| 010 | |a 2006252072 | ||
| 015 | |a GBB532667 |2 bnb | ||
| 016 | 7 | |a 101614420 |2 DNLM | |
| 016 | 7 | |a 017020701 |2 Uk | |
| 022 | |a 1878-5514 |l 1468-6996 |y 1468-6996 | ||
| 030 | |a STAMCV | ||
| 035 | |a (WaSeSS)ssj0006124 | ||
| 040 | |a IUA |b eng |e pn |c IUA |d OH1 |d DLC |d TJC |d OCL |d OCLCQ |d OCL |d TJC |d WAU |d MUQ |d BUF |d OCLCS |d BUF |d OCLCQ |d LGG |d OCLCQ |d OCLCO |d OCLCF |d NLM |d OCLCO |d VT2 |d OCLCQ |d OCLCO |d OCLCQ |d NLM |d NLE |d OCLCO |d DLC |d UKMGB |d LND |d CASUM |d OCLCO |d OCLCA |d DLC |d WaSeSS | ||
| 042 | |a pcc |a nsdp | ||
| 050 | 0 | 0 | |a TA401 |
| 060 | 1 | 0 | |a W1 |
| 210 | 1 | 0 | |a Sci Technol Adv Mater |2 dnlm |
| 210 | 0 | |a Sci. technol. adv. mater. |b (Online) | |
| 222 | 0 | |a Science and technology of advanced materials |b (Online) | |
| 245 | 0 | 0 | |a Science and technology of advanced materials |h [electronic resource]. |
| 246 | 1 | |i Also known as: |a STAM | |
| 260 | |a [New York, NY] : |b Elsevier Science, |c 2000- | ||
| 260 | 2 | |3 2008- : |a Philadelphia, PA : |b IOP Publishing | |
| 260 | 3 | |3 2016- : |a Philadelphia, PA : |b Taylor & Francis | |
| 310 | |a Irregular | ||
| 321 | |a Eight times a year, |b <Oct. 2006-> | ||
| 321 | |a Bimonthly, |b Jan. 2003-Nov. 2004 | ||
| 321 | |a Quarterly, |b Mar. 2000-Dec. 2002 | ||
| 362 | 0 | |a Vol. 1, issue 1 (Mar. 2000)- | |
| 500 | |a Title from title information screen (ScienceDirect, viewed Jul. 25, 2007). | ||
| 506 | |a License restrictions may limit access. | ||
| 536 | |a Sponsored by: National Institute for Materials Science, 2006- | ||
| 538 | |a Mode of access: World Wide Web. | ||
| 588 | |a Latest issue consulted: Vol. 21, no. 1 (2020) (tandfonline.com, viewed Mar. 31, 2020). | ||
| 650 | 0 | |a Materials science |v Periodicals. | |
| 650 | 6 | |a Matériaux |v Périodiques. | |
| 650 | 7 | |a Materials science. |2 fast |0 (OCoLC)fst01011957 | |
| 650 | 1 | 2 | |a Biocompatible Materials. |
| 655 | 0 | |a Electronic journals. | |
| 710 | 2 | |a Busshitsu Zairyō Kenkyū Kikō. | |
| 776 | 0 | 8 | |i Print version: |t Science and technology of advanced materials |x 1468-6996 |w (DLC) 00200486 |w (OCoLC)45146478 |
| 850 | |a DLC | ||
| 856 | 4 | 0 | |z Full text available from Research Library: 02/01/2011 to present |u https://search.proquest.com/publication/3934964 |